02327nam a22002657a 4500008004100000020001800041040000800059041001300067100003400080245007400114260004300188300004300231505012800274505021000402520104600612650006701658650003501725650003401760650003901794651005101833651005001884942000801934952010401942999001502046250528b |||||||| |||| 00| 0 eng d a9781646041671 ctbs afreaeng aJones, Rhianna925352eauthor aParisienne French b: chic phrases, slang and stylec/ Rhianna Jones. aBerkeley, CA : bUlysses Press,c2013. a210 pages : billustrations ; c17 cm. aEveryday phrases and expressions — A bilingual word list — Vocabulary and parallel translations from French to English. aEssentials: les essentiels — Daily life: la vie quotidienne — Friendship: l'amitie — Culture: la culture — Fashion: la mode — Cuisine: la cuisine — Love: l'amour — Nightlife: la vie nocturne. aLearn to speak French like a true Parisienne with vocabulary from the chic neighborhoods and vibrant clubs to high-fashion catwalks. This is the French you've always wanted to know but never learned in class. You’ve dreamed of Paris your whole life. You’ve imagined yourself sipping a café au lait at an outdoor bistro in the Jardin de Tuileries, or browsing a fashionable boutique on the Champs-Elysées, or strolling along the banks of the Seine, hand in hand with your handsome French lover. Now is the time to realize that dream. Parisienne French will have you cultured, chic and, most importantly, casually chatting with locals as if you were raised in the City of Lights. With refined phrases to express yourself at the Musée d’Orsay, posh vocabulary for catching up on this season’s couture fashion and hip slang for flirting at the hottest nightclub, you’ll effortlessly navigate the social scenes of Paris. Your new eloquent French will win over any vrai patriote, who will warmly welcome you to la vie parisienne. 0aFrench languagexConversation and phrase booksxEnglish925346 0aFrench languagexIdioms925353 0aFrench languagexSlang925354 0aFrench languagexVocabulary925355 0aParis (France)xSocial life and customs925356 0aParis (France)xDescription and travel925357 2lcc 00102lcc4070aTBSbTBSd2025-05-28l0oP-FR LEARN JONpB05754r2025-05-28t1w2025-05-28yFRENCH c4704d4704